书目信息 |
| 题名: |
代词
|
|
| 作者: | 林祥楣 | |
| 分册: | ||
| 出版信息: | 上海 上海教育出版社 1984 |
|
| 页数: | 57页 | |
| 开本: | 20cm | |
| 丛书名: | ||
| 单 册: | ||
| 中图分类: | H042 | |
| 科图分类: | ||
| 主题词: | 语法学 | |
| 电子资源: | ||
| ISBN: | ||
| 000 | 00453nam0 2200181 450 | |
| 001 | 0728815141 | |
| 005 | 20070819080015.14 | |
| 010 | @d¥0.17 | |
| 100 | @a20070819d km y0chiy0120 ea | |
| 101 | 0 | @achi |
| 200 | 1 | @a代词@Adai ci@f林祥楣@Flin xiang mei |
| 210 | @a上海@c上海教育出版社@d1984 | |
| 215 | @a57页@d20cm | |
| 606 | 0 | @a语法学 |
| 690 | @aH042@v3 | |
| 701 | 0 | @a林祥楣@Alin xiang mei |
| 801 | 0 | @aCN@bPFT@c20070819 |
| 905 | @a213230@dH042@eZW5@f1 | |
| 代词/林祥楣.-上海:上海教育出版社,1984 |
| 57页;20cm |
| ISBN :¥0.17 |
| ● |
| 相关链接 |
|
|
|
|
正题名:代词
索取号:H042/ZW5
 
预约/预借
| 序号 | 登录号 | 条形码 | 馆藏地/架位号 | 状态 | 备注 |
| 1 | 7614948 | 276149482 | 密集书库-文学院/ [索取号:H042/ZW5] | 在馆 | |
| 2 | 7614949 | 276149491 | 密集书库-文学院/ [索取号:H042/ZW5] | 在馆 |